000 00643nam a2200217Ia 4500
005 20241129115940.0
008 241129s9999||||xx |||||||||||||| ||und||
020 _a9789356402645
037 _aTB
040 _aSDCL
_beng
_cSDCL
041 _aeng
_2eng
084 _aV2'P, R3
_qSDCL
100 _aParasher-Sen Aloka Ed.
_9132793
245 0 _aConversations with the animate other: Historical representations of human and non-human interactions in India
260 _aNew Delhi
_bBloomsbury
_c2023
300 _axix,332p.
365 _aINR
_b1299
650 _aHistory
942 _cTB
_hV2'P, R3
999 _c1232712
_d1232712